| 000 | 01202cam a22003257a 4500 | ||
|---|---|---|---|
| 999 |
_c217 _d217 |
||
| 001 | 14423781 | ||
| 003 | OSt | ||
| 005 | 20230208120040.0 | ||
| 008 | 060622s2006 caua 001 0 eng d | ||
| 010 | _a 2006278450 | ||
| 020 | _a1590595769 (pbk.) | ||
| 035 | _a(OCoLC)ocm62877268 | ||
| 040 |
_aINO _cINO _dUAT _dVPI _dBAKER _dDLC |
||
| 042 | _alccopycat | ||
| 050 | 0 | 0 |
_aQA76.64 _b.C5 2006 |
| 082 | 0 | 0 |
_a005.117 CLA 2006 _222 |
| 100 | 1 |
_aClark, Daniel R. _d1963- _9567 |
|
| 245 | 1 | 0 |
_aBeginning object-oriented Programming with VB 2005: _bfrom novice to professional |
| 260 |
_aBerkeley, CA : _bApress, _cc2006. |
||
| 300 |
_axvi, 368 p. : _bill. ; _c24 cm. |
||
| 500 | _a"The expert's voice in .NET"--Cover. | ||
| 500 | _aIncludes index. | ||
| 630 | 0 | 0 |
_aVisual Basic. _9568 |
| 650 | 0 |
_aObject-oriented programming (Computer science) _9569 |
|
| 856 | 4 | 1 |
_3Table of contents only _uhttp://www.loc.gov/catdir/toc/fy0610/2006278450.html |
| 856 | 4 | 2 |
_3Publisher description _uhttp://www.loc.gov/catdir/enhancements/fy0663/2006278450-d.html |
| 906 |
_a7 _bcbc _ccopycat _d2 _encip _f20 _gy-gencatlg |
||
| 942 |
_2z _cB_BANK |
||